Gustav Klimt: 1862-1918
Na minha lista:
| Autor principal: | |
|---|---|
| Formato: | Livro |
| Idioma: | espanhol |
| Publicado em: |
Colonia
Benedikt Taschen
1993
|
| Assuntos: | |
| Tags: |
Adicionar Tag
Sem tags, seja o primeiro a adicionar uma tag!
|
MARC
| LEADER | 00000nam a2200000 a 4500 | ||
|---|---|---|---|
| 001 | UCO6700 | ||
| 003 | CL-VaPUC | ||
| 005 | 20220804172047.0 | ||
| 008 | 001027e19930000GW |||||||||||||||||spa|d | ||
| 999 | |c 292171 |d 292169 | ||
| 040 | |c Pontificia Universidad Católica de Valparaíso | ||
| 082 | 0 | 4 | |a 759.36 NER 1993 |2 21 |
| 100 | |a Néret, Gilles |e autor |9 450026 | ||
| 245 | 1 | 0 | |a Gustav Klimt: 1862-1918 |
| 260 | |a Colonia |b Benedikt Taschen |c 1993 | ||
| 300 | |a 96 p | ||
| 583 | |a last modification |c 20001027 00:00:00 |k Rodrigo Vera | ||
| 600 | |a Klimt, Gustav, |d 1862-1918 |9 474478 | ||
| 650 | 0 | |a Pintores austriacos |9 347295 | |
| 650 | 7 | |a PINTURA AUSTRICA |2 CL-VaPUC |9 451539 | |
| 650 | 0 | |a Pintura moderna |9 265600 | |
| 650 | 0 | |a Simbolismo |9 267046 | |
| 852 | |a BIBCUR | ||
| 942 | |c BK |2 ddc | ||
| 945 | |d 20001027 00:00:00 |a crobeson | ||
| 952 | |0 0 |1 0 |4 0 |6 759_360000000000000_NER_1993 |7 0 |8 R |9 342814 |a BIBART |b BIBART |d 2019-11-20 |i 364572K |l 4 |m 1 |o 759.36 NER 1993 |p 364572K |r 2025-03-13 |s 2023-09-11 |w 2019-11-20 |y BK_R |k ART | ||